Policy Coherence for Sustainable Development 2018 Towards Sustainable and Resilient Societies

Salvato in:
Dettagli Bibliografici
Natura: Libro
Lingua:inglese
Pubblicazione: Paris OECD 2018
Soggetti:
Tags: Aggiungi Tag
Nessun Tag, puoi essere il primo ad aggiungerne!!

MARC

LEADER 00000nam a2200000 4500
001 0253561
005 20221220065817.5
020 |a 978-92-64-30105-4 
041 0 |a eng 
044 |a FR 
245 1 0 |a Policy Coherence for Sustainable Development 2018  |b Towards Sustainable and Resilient Societies 
264 1 |a Paris  |b OECD  |c 2018 
300 |a 230 s. 
610 2 0 |a rozvoj trvalo udržateľný 
610 2 0 |a politika 
610 2 0 |a spoločnosť 
610 2 0 |a inštitucionalizmus 
610 2 0 |a transformácia 
610 2 0 |a porovnanie štatistické